El mensajero de Agartha 8: (Registro nro. 60048)

Detalles MARC
000 -LDR (LÍDER)
fixed length control field 01018cam a2200289 a 4500
008 - FIXED-LENGTH DATA ELEMENTS--GENERAL INFORMATION
fixed length control field 180519s2018 ck ab gr 000 fdspa
020 ## - ISBN
ISBN 9789584267214
020 ## - ISBN
ISBN 9584267213
040 ## - FUENTE DE CATALOGACIÓN
Agencia catalogadora original CO-BoBN
Idioma de la agencia catalogadora spa
Agencia que transcribe CO-BoBN
Norma para la descripción rda
082 04 - Clasificación Dewey
Clasificación Dewey Co863.861
Clave de autor M539a
Edition number 23
084 ## - Clasificación facetada
Número de clasificación N MEN1
100 1# - Autor
Nombre Mendoza Zambrano, Mario,
Fechas asociadas al nombre 1964-
Termino relación autor
9 (RLIN) 40723
245 13 - Título
Título El mensajero de Agartha 8:
Subtítulo En busca de Akakor/
Mención de responsabilidad Mario Mendoza ; ilustraciones, Book and Play Studio
250 ## - Edición
Edición tercera edición
264 #1 - Pie de imprenta
Ciudad de publicación Bogotá, Colombia
Editorial Editorial Planeta Colombiana
Año 2023
300 ## - Descripción física
Extensión 193 páginas
Otros detalles físicos ilustraciones en blanco y negro
Dimensiones 21 cm
336 ## - Tipo de Contenido
Tipo de contenido texto
Código de tipo de contenido txt
Fuente rdacontenido
337 ## - Tipo de Medio
Tipo de Medio no mediado
Código de tipo de medio n
Fuente rdamedio
338 ## - Tipo de soporte
Tipo de soporte volumen
Código de tipo de soporte nc
Fuente rdasoporte
490 ## - Serie
Serie El mensajero de Agartha
Volumen 8
500 ## - Nota
Notas Incluye datos biográficos del autor
650 14 - Asiento secundario de materia - término temático
Encabezamiento temático Novela juvenil colombiana
Subdivisión cronológica Siglo XXI
Fuente del encabezado o término LEMB
710 2# - ASIENTO SECUNDARIO - NOMBRE CORPORATIVO
Nombre de entidad Book and Play Studio,
942 ## - Información adicional
Tipo de material Libro Literatura
650 14 - Asiento secundario de materia - término temático
-- 62960
710 2# - ASIENTO SECUNDARIO - NOMBRE CORPORATIVO
-- 67621
Existencias
Estado de pérdida Fuente del sistema de clasificación o colocación Estado de daño Koha normalized classification for sorting Not for loan Biblioteca Biblioteca actual Localización Fecha de adquisición Koha issues (times borrowed) Signatura topográfica Código de barras Koha date last seen Ejemplar Price effective from Tipo de ítem Colección
  Dewey Decimal Classification   N_MEN1   Biblioteca Pública Dorado Biblioteca Pública Dorado Literatura 02/17/2026   N MEN1 DOR03276 02/17/2026   02/17/2026 LIbro Literatura General
  Dewey Decimal Classification   CO_863_861000000000000_M539A   Biblioteca Pública José Eustasio Rivera - San Martin Biblioteca Pública José Eustasio Rivera - San Martin General 03/11/2026   Co863.861 M539a SM04482 03/11/2026   03/11/2026 LIbro Colección General
  Dewey Decimal Classification   CO_863_000000000000000_M539A   Biblioteca Pública Puerto Lleras Biblioteca Pública Puerto Lleras Literatura 03/13/2026   Co863 M539a PLL02734 03/13/2026   03/13/2026 Libro Literatura  
  Dewey Decimal Classification   CO_863_861000000000000_M539A   Biblioteca Pública Puerto López - Jorge Eliecer Gaitán Biblioteca Pública Puerto López - Jorge Eliecer Gaitán General 02/14/2026   Co863.861 M539a PLZ01783 02/14/2026   02/14/2026 LIbro Sala General
  Dewey Decimal Classification   CO_863_861000000000000_M539A   Biblioteca Pública Departamental Eduardo Carranza - Villavicencio Biblioteca Pública Departamental Eduardo Carranza - Villavicencio Literatura 12/03/2025   Co863.861 M539a ECA28790 12/03/2025 Ej.1 12/03/2025 LIbro  
  Dewey Decimal Classification   CO_863_861000000000000_M539A   Biblioteca Pública Departamental Eduardo Carranza - Villavicencio Biblioteca Pública Departamental Eduardo Carranza - Villavicencio Literatura 05/13/2026   Co863.861 M539a ECA28856 05/13/2026   05/13/2026 Libro Literatura Literatura General
  Dewey Decimal Classification   CO_863_861000000000000_M539A   Biblioteca Pública Germán Arciniegas - Villavicencio Biblioteca Pública Germán Arciniegas - Villavicencio General 02/25/2026   Co863.861 M539a 33541 02/25/2026 Ej.8 02/25/2026 LIbro Sala General Segundo Piso
  Dewey Decimal Classification   N_MEN1   Biblioteca Pública Guamal Biblioteca Pública Guamal Literatura 03/17/2026   N MEN1 GUA005088 03/17/2026   03/17/2026 Libro Literatura Colección General
  Dewey Decimal Classification   CO_863_861000000000000_M539A   Biblioteca Pública Mapiripan Biblioteca Pública Mapiripan Literatura 04/13/2026   Co863.861 M539a MAP00004690 04/13/2026   04/13/2026 Libro Literatura Literatura General
  Dewey Decimal Classification   CO_863_861000000000000_M539A   Biblioteca Pública Mapiripan - Jorge Eliecer Gaitán Biblioteca Pública Mapiripan - Jorge Eliecer Gaitán Literatura 05/14/2026   Co863.861 M539a MPJG01317 05/14/2026   05/14/2026 Libro Literatura Literatura General
  Dewey Decimal Classification   CO_863_861000000000000_M539A   Biblioteca Pública Rural El Yarí- vereda Playa Rica La Macarena Biblioteca Pública Rural El Yarí- vereda Playa Rica La Macarena Literatura 04/20/2026   Co863.861 M539a 9789584267214 05/11/2026   05/11/2026 Libro Literatura  
  Clasificación Local Facetada   N M E N1   Biblioteca Pública San Juanito - Ernesto Maria Peña Romero Biblioteca Pública San Juanito - Ernesto Maria Peña Romero Literatura 12/17/2025   N MEN1 SJU02486 12/17/2025   12/17/2025 Libro Literatura Literatura General
  Clasificación Local Facetada   N M E N1   Biblioteca Pública San Juanito - Ernesto Maria Peña Romero Biblioteca Pública San Juanito - Ernesto Maria Peña Romero Literatura 02/25/2026   N MEN1 SJU02816 02/25/2026   02/25/2026 Libro Literatura Literatura General









Instituto Departamental de Cultura del Meta - Red Departamental de Bibliotecas Públicas del Meta.